000 00769nam a2200229 i 4500
001 81426
003 ES-MaACL
005 20230906174432.0
007 t|
008 041104s1918 fr ||||1| fre d
100 1 _aHuot, Louis.
_964754
245 1 3 _aLa psychologie du soldat /
_cLouis Huot, Paul Voivenel ; préface de Paul Margueritte.
260 _aParis :
_bLa Renaissance du Livre,
_c1918 (
_eCorbeil :
_fCrété)
300 _aXVI, 165 p. ;
_c19 cm.
490 1 _aBibliothèque internationale de critique
650 4 _aMilitares-
_xPsicología.
_9163726
700 1 _aVoivenel, Paul.
_9115684
700 1 _aMargueritte, Paul.
_976635
830 0 _aBibliothèque internationale de critique
_9183708
852 _aES-MaACL
_jF-11249
999 _c81426
_d81426